00972nam a22002657a 450000100060000000300090000600500170001500800410003202000280007304000480010108200180014910000400016724500640020726000370027130000260030850000500033450000220038450400320040665000440043865000220048270000220050470000200052685600740054685600860062021598BD-DhUAP20220619161850.0151207r20092011enk b 001 0 eng  a9780141442259 Paperback aBD-DhUAPcBD-DhUAPdBD-DhUAPdBD-DhAALbeng00a320.1 MAC2191 aMachiavelli, Niccolò,d1469-1527.14aThe prince /cNiccolo Machiavelli ; Translated by Park ,Tim aPenguin Random House UKbPenguin axxx, 124 p. ;c20 cm. aTranslation from the Italian of: Il principe. aIncludes indexes. aBibliography: p. xxix-xxxi. 0aPolitical sciencexEarly works to 1800. 0aPolitical ethics.1 aSkinner, Quentin.1 aPrice, Russell.413Table of contentsuhttp://www.loc.gov/catdir/toc/cam031/88005048.html423Publisher descriptionuhttp://www.loc.gov/catdir/description/cam023/88005048.html